Loading...
| Fine Arts - Classical Music | 0 | 3 | 0 | 1 | 30 | 84 | 89.67 | 0 | 0 | 3.72 | 10.91 |
| Science - Physics | 0 | 3 | 1 | 0 | 25 | 69 | 72.33 | 0 | 0 | 7.06 | 10.19 |
| History - European | 0 | 2 | 0 | 1 | 20 | 108 | 112.50 | 0 | 0 | 0.17 | 2.34 |
| History - Other | 0 | 2 | 0 | 0 | 20 | 58 | 86.00 | 0 | 1 | 4.07 | 7.64 |
| History - World | 0 | 2 | 0 | 1 | 20 | 98 | 100.00 | 0 | 0 | 0.09 | 1.67 |
| Current Events | 0 | 2 | 0 | 1 | 20 | 98 | 103.50 | 0 | 0 | 0.14 | 7.14 |
| History - American | 0 | 2 | 0 | 0 | 20 | 84 | 88.50 | 0 | 0 | 3.37 | 4.55 |
| Philosophy | 0 | 2 | 0 | 0 | 20 | 90 | 95.50 | 0 | 0 | 1.89 | 4.79 |
| Religion | 0 | 2 | 0 | 0 | 20 | 68 | 96.00 | 0 | 1 | 3.76 | 9.02 |
| Social Science | 0 | 2 | 0 | 2 | 20 | 101 | 103.00 | 0 | 0 | 0.00 | 2.39 |
| Fine Arts - Other | 0 | 2 | 1 | 0 | 15 | 83 | 98.00 | 0 | 1 | 2.26 | 8.40 |
| Science - Biology | 0 | 2 | 1 | 1 | 15 | 74 | 83.50 | 0 | 0 | 3.14 | 6.06 |
| Science - Other | 0 | 1 | 0 | 0 | 10 | 87 | 87.00 | 0 | 0 | 1.63 | 0.00 |
| Pop Culture | 0 | 1 | 0 | 0 | 10 | 64 | 64.00 | 0 | 1 | 8.77 | 9.09 |
| Mythology | 0 | 1 | 0 | 0 | 10 | 84 | 84.00 | 0 | 0 | 2.56 | 5.30 |
| Painting/Sculpture | 0 | 1 | 0 | 0 | 10 | 53 | 53.00 | 0 | 1 | 4.79 | 6.06 |
| Literature - British | 0 | 1 | 0 | 1 | 10 | 115 | 115.00 | 0 | 0 | 0.00 | 1.82 |
| Literature - World | 0 | 1 | 1 | 0 | 5 | 102 | 102.00 | 0 | 0 | 0.00 | 1.52 |
| Science - Chemistry | 0 | 1 | 1 | 0 | 5 | 75 | 75.00 | 0 | 0 | 2.34 | 5.30 |
| Literature - American | 0 | 0 | 1 | 0 | -5 | 0.00 | 0 | 0 | 0.00 | 0.00 |